[Event "Sochi Doroshkevich Amateur op"]
[Site "Sochi"]
[Date "2017.12.27"]
[Round "8"]
[White "Ghazaryan, Raffi"]
[Black "Maraktanov, Andrey"]
[Result "1-0"]
[WhiteElo "1883"]
[BlackElo "1713"]
[PlyCount "64"]
[EventDate "2017.12.21"]
[EventType "swiss"]
[EventRounds "9"]
[EventCountry "RUS"]
[SourceTitle "CBM 182 Extra"]
[Source "ChessBase"]
[SourceDate "2018.02.23"]
[SourceVersion "1"]
[SourceVersionDate "2018.02.23"]
[SourceQuality "1"]

1. e4 c5 2. Nf3 g6 3. d4 cxd4 4. Nxd4 Bg7 5. c4 Nc6 6. Be3 Nf6 7. Nc3 d6 8. Be2 Bd7 9. f3 a5 10. Qd2 0-0 11. Ndb5 Be6 12. Nd5 Bxd5 13. cxd5 Nb4 14. 0-0 b6 15. a3 Na6 16. Nd4 a4 17. Nc6 Qc7 18. Bxa6 Rxa6 19. Rac1 Qb7 20. Qd3 Re8 21. f4 Nd7 22. Qb5 Qa8 23. Qe2 Nc5 24. e5 Qc8 25. Rfe1 Ra8 26. Qb5 Qc7 27. Rc4 Rec8 28. exd6 exd6 29. Bxc5 dxc5 30. Ne7+ Kh8 31. Nxc8 Rxc8 32. Re8+ Bf8 1-0

[Event "Sochi Doroshkevich Amateur op"]
[Site "Sochi"]
[Date "2017.12.26"]
[Round "7"]
[White "Maraktanov, Andrey"]
[Black "Baghyan, Vahagn"]
[Result "1-0"]
[WhiteElo "1713"]
[BlackElo "1317"]
[PlyCount "71"]
[EventDate "2017.12.21"]
[EventType "swiss"]
[EventRounds "9"]
[EventCountry "RUS"]
[SourceTitle "CBM 182 Extra"]
[Source "ChessBase"]
[SourceDate "2018.02.23"]
[SourceVersion "1"]
[SourceVersionDate "2018.02.23"]
[SourceQuality "1"]

1. Nf3 Nf6 2. d4 d5 3. c4 e6 4. Nc3 Be7 5. Bf4 a6 6. e3 0-0 7. cxd5 Nxd5 8. Nxd5 exd5 9. a3 Bf5 10. Bd3 Bxd3 11. Qxd3 Nd7 12. 0-0 Nf6 13. b4 c6 14. Rab1 Bd6 15. Bg5 h6 16. Bh4 Be7 17. a4 Ne4 18. Bxe7 Qxe7 19. b5 axb5 20. axb5 Nd6 21. bxc6 bxc6 22. Ne5 c5 23. dxc5 Qxe5 24. cxd6 Qxd6 25. Rb5 Rfd8 26. Rd1 Rac8 27. h3 Rc5 28. Rb4 Qc6 29. Rd4 Re8 30. Qf5 g6 31. Qf4 Kg7 32. h4 Re4 33. Rxe4 dxe4 34. Rd6 Rc1+ 35. Kh2 Qc3 36. Qxe4 1-0

[Event "Nezhmetdinov Memorial 39th"]
[Site "Kazan"]
[Date "2017.06.02"]
[Round "3"]
[White "Shafigullina, Zarina"]
[Black "Maraktanov, Andrey"]
[Result "1-0"]
[WhiteElo "2028"]
[BlackElo "1821"]
[PlyCount "63"]
[EventDate "2017.05.31"]
[EventType "swiss"]
[EventRounds "9"]
[EventCountry "RUS"]
[SourceTitle "EXT 2018"]
[Source "ChessBase"]
[SourceDate "2017.10.13"]
[SourceVersion "1"]
[SourceVersionDate "2017.10.13"]
[SourceQuality "1"]

1. d4 Nf6 2. Nf3 c5 3. d5 e6 4. Nc3 exd5 5. Nxd5 d6 6. e4 Be7 7. Nc3 0-0 8. Be2 a6 9. a4 b6 10. 0-0 Bb7 11. Bd3 Nc6 12. Nd5 Nxd5 13. exd5 Nb4 14. c4 Bf6 15. Be4 Re8 16. Re1 Bc8 17. Bd2 Bxb2 18. Rb1 Bf6 19. Bxb4 cxb4 20. Rxb4 g6 21. Rb1 Bd7 22. Nd4 Qc7 23. Nc6 Be5 24. h3 f5 25. Bf3 Bxc6 26. dxc6 Kg7 27. a5 Reb8 28. axb6 Rxb6 29. Rxb6 Qxb6 30. c7 Rf8 31. Rxe5 Qxc7 32. Rd5 1-0

[Event "Nezhmetdinov Memorial 39th"]
[Site "Kazan"]
[Date "2017.05.31"]
[Round "1"]
[White "Vaishali, Ramesh Babu"]
[Black "Maraktanov, Andrey"]
[Result "1-0"]
[WhiteElo "2272"]
[BlackElo "1821"]
[PlyCount "57"]
[EventDate "2017.05.31"]
[EventType "swiss"]
[EventRounds "9"]
[EventCountry "RUS"]
[SourceTitle "EXT 2018"]
[Source "ChessBase"]
[SourceDate "2017.10.13"]
[SourceVersion "1"]
[SourceVersionDate "2017.10.13"]
[SourceQuality "1"]

1. Nf3 Nf6 2. g3 g6 3. b3 Bg7 4. Bb2 0-0 5. Bg2 d5 6. c4 c5 7. cxd5 Nxd5 8. Bxg7 Kxg7 9. 0-0 Nc6 10. d4 cxd4 11. Nxd4 f6 12. Nxc6 bxc6 13. Qc2 Qb6 14. Nc3 Be6 15. Rac1 Rac8 16. Qe4 Kf7 17. Na4 Qb4 18. Rc4 Qd6 19. Rd1 Rfd8 20. Nc5 Bf5 21. Qf3 Qe5 22. Nb7 Rd7 23. e4 Rxb7 24. exd5 c5 25. d6 Rd7 26. g4 Be6 27. Re4 Qg5 28. h4 Bxg4 29. Rxg4 1-0